[Event "Druzynowe Mistrzostwa Polski Juniorow 2018 - II Liga"]
[Site "Szczyrk"]
[Date "1899-12-30"]
[Round "1.47"]
[White "Krzyzosiak, Anna"]
[Black "Pawlak, Emilia"]
[Result "0-1"]
[WhiteTitle "I+"]
[BlackTitle "I"]
[WhiteElo "1552"]
[BlackElo "1415"]

1. e4 c5 2. Nf3 d6 3. d4 cxd4 4. Nxd4 Nf6 5. Nc3 a6 6. Be2 e5 7. Nb3 Be7 8. O-O
O-O 9. f4 Qc7 10. Kh1 b5 11. a3 Bb7 12. Bf3 Nbd7 13. Qe1 Nb6 14. Na5 Nc4 15. Nxb7
Qxb7 16. fxe5 Nxe5 17. Bg5 Rad8 18. Rd1 Rfe8 19. Qg3 Nxf3 20. Qxf3 Rf8 21. Qg3
Kh8 22. Qh4 Ng8 23. Nd5 Bxg5 24. Qxg5 f6 25. Qg3 Nh6 26. Qh4 Nf7 27. Rxf6 Ne5
28. Rff1 Nc4 29. Ne7 Rfe8 30. Rf7 Ne5 31. Rxg7 Kxg7 32. Nf5+ Kg8 33. Qg5+ Ng6
34. Nh6+ Kg7 35. Nf5+ Kg8 36. Nh6+ Kh8 37. Qf6+ Qg7 38. Nf7+ Kg8 39. Qxg7+ Kxg7
40. Nxd8 Rxd8 41. Rf1 Rf8 42. Rxf8 Nxf8 43. g3 Kf6 44. Kg2 Ke5 45. Kf3 Ne6 46.
c3 Ng5+ 47. Ke3 Nxe4 48. Kd3 Nc5+ 49. Ke3 Na4 50. b3 Nxc3 51. Kd3 Ne4 52. Ke3
d5 53. Kd3 Nf2+ 54. Ke2 Ne4 55. Kd3 d4 56. Ke2 Ng5 57. Kd3 Nh3 58. b4 Nf2+ 59.
Ke2 Ne4 60. Kd3 Nc3 61. Kc2 Ke4 62. h3 Ne2 63. g4 Ke3 64. h4 d3+ 65. Kd1 Nc3+
66. Kc1 d2+ 0-1

[Event "Druzynowe Mistrzostwa Polski Juniorow 2018 - II Liga"]
[Site "Szczyrk"]
[Date "1899-12-30"]
[Round "1.48"]
[White "Szopa, Emilia"]
[Black "Krzyzosiak, Marta"]
[Result "0-1"]
[WhiteTitle "I"]
[BlackTitle "I"]
[WhiteElo "1422"]
[BlackElo "1579"]

1. e4 e5 2. Nf3 Nc6 3. Bc4 Nf6 4. d3 Bc5 5. O-O d6 6. c3 a5 7. Bb3 O-O 8. Nbd2
Bg4 9. h3 Bh5 10. Re1 h6 11. Nf1 Ne7 12. Ng3 Bg6 13. Nh4 Kh7 14. a3 c6 15. Nxg6
fxg6 16. d4 exd4 17. cxd4 Bb6 18. Bc2 Qd7 19. Be3 Rac8 20. Qe2 Ne8 21. Rad1 Nc7
22. e5 Ncd5 23. Rd2 Nxe3 24. Qxe3 dxe5 25. Qxe5 Rce8 26. Rde2 Nf5 27. Bxf5 gxf5
28. Qxe8 Rxe8 29. Rxe8 Qxd4 30. R1e2 Qd3 31. Nh5 Qd1+ 32. Kh2 Bxf2 33. Nf6+ Kg6
34. Rxf2 Qd6+ 35. Kh1 Qxf6 36. g4 f4 37. Re4 Kg5 38. Kg2 Qd6 39. Rfe2 Qd3 40.
Re5+ Kg6 41. Re6+ Kh7 42. Kf1 Qxh3+ 43. Ke1 Qxg4 44. Rf2 Qxe6+ 45. Re2 Qh3 0-1

[Event "Druzynowe Mistrzostwa Polski Juniorow 2018 - II Liga"]
[Site "Szczyrk"]
[Date "1899-12-30"]
[Round "1.49"]
[White "Slomczewski, Michal"]
[Black "Norek, Bartosz"]
[Result "1-0"]
[WhiteTitle "I+"]
[BlackTitle "I"]
[WhiteElo "2068"]
[BlackElo "1784"]

1. Nf3 c5 2. c4 Nc6 3. Nc3 g6 4. e3 e6 5. d4 cxd4 6. exd4 d5 7. cxd5 exd5 8. Bb5
Bg7 9. O-O Ne7 10. Ne5 O-O 11. Nxc6 bxc6 12. Ba4 Qb6 13. Be3 Nf5 14. Qd2 Bxd4
15. Bxd4 Nxd4 16. Rac1 Bb7 17. b4 Qxb4 18. Rfd1 Rfe8 19. h3 Rac8 20. Kh1 Ne6 21.
Rb1 Qe7 22. Nxd5 cxd5 23. Bxe8 Rxe8 24. Qa5 d4 25. f3 Bc6 26. Rbc1 Qb7 27. Qd2
Bd5 28. Re1 Qa6 29. Rc2 Rd8 30. Qb4 Qb7 31. Qa5 Qb6 32. Qa3 a6 33. Qe7 Qd6 34.
Qf6 d3 35. Rb2 Bc4 36. Rb7 Nd4 37. Re8+ Rxe8 38. Qxd6 Nb5 39. Qf4 Bxa2 40. Rd7
Be6 41. Rxd3 Rc8 42. Qa4 Rc6 43. Rd8+ Kg7 44. Ra8 Bc8 45. Qa1+ f6 46. Qe1 Kf7
47. Qe4 Bd7 48. Rd8 Rd6 49. Qh4 h5 50. Qf4 g5 51. Qe4 Bc6 52. Qh7+ Ke6 53. Qg8+
Ke5 54. Rc8 Bd5 55. Qg6 h4 56. Qd3 Be6 57. Qe3+ Kf5 58. Qe4# 1-0

[Event "Druzynowe Mistrzostwa Polski Juniorow 2018 - II Liga"]
[Site "Szczyrk"]
[Date "1899-12-30"]
[Round "1.50"]
[White "Hryn, Zofia"]
[Black "Guzik, Natalia"]
[Result "0-1"]
[WhiteTitle "I++"]
[BlackTitle "I++"]
[WhiteElo "1668"]
[BlackElo "1668"]

1. e4 c5 2. b3 Nc6 3. Bb2 d6 4. Bb5 Bd7 5. f4 Nf6 6. d3 Qa5+ 7. Nc3 d5 8. Qd2 dxe4
9. O-O-O exd3 10. Qxd3 Qc7 11. Qe3 e6 12. Ne4 Nxe4 13. Qxe4 a6 14. Be5 Qa5 15.
Qd3 Rd8 16. Bxc6 Bxc6 17. Qxd8+ Qxd8 18. Rxd8+ Kxd8 19. Nf3 f6 20. Rd1+ Kc8 21.
Bc3 Bxf3 22. gxf3 Kc7 23. Rg1 Kd7 24. h3 Ke7 25. Re1 g6 26. Kb1 Bh6 0-1

[Event "Druzynowe Mistrzostwa Polski Juniorow 2018 - II Liga"]
[Site "Szczyrk"]
[Date "1899-12-30"]
[Round "1.51"]
[White "Wojtasik, Szymon"]
[Black "Wielgus, Wojciech"]
[Result "0-1"]
[WhiteTitle "II"]
[BlackTitle "I"]
[WhiteElo "1343"]
[BlackElo "1652"]

1. e4 e5 2. Nf3 Nc6 3. d4 exd4 4. Nxd4 Qf6 5. Be3 Bc5 6. c3 Nge7 7. Bc4 Ne5 8.
Be2 d6 9. f4 N5g6 10. O-O O-O 11. Qd2 h6 12. b4 Bb6 13. Nb5 Bxe3+ 14. Qxe3 c6
15. Nd4 a5 16. b5 c5 17. Nf3 Qxf4 18. Qd3 Ne5 19. Nxe5 Qxe5 20. Rd1 Rd8 21. Na3
Be6 22. c4 b6 23. Nc2 Ng6 24. g3 Ne7 25. Bf3 Ra7 26. Ne3 Rad7 27. a4 Qg5 28. Kg2
Ng6 29. Nd5 Bxd5 30. exd5 Nf4+ 31. Kf2 Nxd3+ 32. Rxd3 Re7 33. h4 Qe5 34. Raa3
Qe1+ 35. Kg2 Rde8 36. g4 Re3 37. Rxe3 Rxe3 38. Rxe3 Qxe3 39. g5 hxg5 40. hxg5
Qxg5+ 41. Kf1 Qf4 42. Ke2 g5 43. Bh1 g4 44. Bf3 Qxf3+ 45. Kd2 g3 46. Ke1 Qf2+
47. Kd1 g2 48. Kc1 Rg1# 0-1

[Event "Druzynowe Mistrzostwa Polski Juniorow 2018 - II Liga"]
[Site "Szczyrk"]
[Date "1899-12-30"]
[Round "1.52"]
[White "Warchol, Kamil"]
[Black "Chrobot, Tomasz"]
[Result "1-0"]
[WhiteTitle "CM"]
[BlackTitle "IV"]
[WhiteElo "1540"]
[BlackElo "1033"]

1. e4 e5 2. Nf3 Nc6 3. Bc4 Bc5 4. c3 Nf6 5. d3 d6 6. Nbd2 Ne7 7. Nf1 Ng6 8. Ng3
O-O 9. O-O Re8 10. a4 a6 11. b4 Ba7 12. Qc2 Be6 13. Bb3 c6 14. h3 d5 15. Re1 Qd6
16. Bg5 Nd7 17. Rad1 h6 18. Bc1 Nf6 19. Qa2 Rad8 20. d4 exd4 21. e5 Nxe5 22. Nxe5
dxc3 23. Bf4 Qxb4 24. Nd3 Qe7 25. Qe2 b5 26. Ne5 Qc5 27. Bc2 d4 28. Nh5 Nxh5 29.
Qxh5 d3 30. Be3 Qd5 1-0

[Event "Druzynowe Mistrzostwa Polski Juniorow 2018 - II Liga"]
[Site "Szczyrk"]
[Date "1899-12-30"]
[Round "1.53"]
[White "Matyjasek, Michalina"]
[Black "Hryn, Aleksandra"]
[Result "0-1"]
[WhiteTitle "I"]
[BlackTitle "I"]
[WhiteElo "1357"]
[BlackElo "1643"]

1. d4 Nf6 2. c4 c5 3. d5 e6 4. Nc3 exd5 5. cxd5 d6 6. e4 g6 7. Nf3 Bg7 8. Bf4 O-O
9. Bd3 Na6 10. O-O Nc7 11. h3 a6 12. a4 Rb8 13. a5 b5 14. axb6 Rxb6 15. Ra2 Nb5
16. Nd2 Nh5 17. Bxb5 axb5 18. Bh2 Qe7 19. Qc2 Bh6 20. Rfa1 Bxh3 21. gxh3 Qg5+
22. Kh1 Qxd2 23. Qxd2 Bxd2 24. Ra6 Rxa6 25. Rxa6 b4 26. Ne2 Re8 27. Bxd6 Rxe4
28. Ng1 Nf4 29. Bxc5 Nxd5 30. Rd6 Bc3 31. bxc3 Nxc3 32. Rb6 Nd5 33. Rb7 Rc4 34.
Bd6 Re4 0-1

[Event "Druzynowe Mistrzostwa Polski Juniorow 2018 - II Liga"]
[Site "Szczyrk"]
[Date "1899-12-30"]
[Round "1.54"]
[White "Kieca, Aleksandra"]
[Black "Zajac, Aleksandra"]
[Result "1-0"]
[WhiteTitle "I"]
[BlackTitle "III"]
[WhiteElo "1458"]
[BlackElo "1000"]

1. e4 e5 2. Nf3 Nc6 3. Bb5 a6 4. Ba4 Nf6 5. O-O b5 6. Bb3 Be7 7. Re1 d6 8. c3 O-O
9. h3 Bb7 10. d4 Re8 11. Nbd2 Bf8 12. Nf1 g6 13. a4 Bg7 14. Ng3 bxa4 15. Bxa4
Re7 16. b3 d5 17. Ba3 Re8 18. dxe5 Nd7 19. Bxc6 Bxc6 20. exd5 Bb7 21. c4 Nxe5
22. Nxe5 Rxe5 23. Rxe5 Bxe5 24. Rb1 Qh4 25. Qe1 Re8 26. Bb2 f6 27. Bxe5 Rxe5 28.
Qb4 Bc8 29. Qb8 Re8 30. Qxc7 Bf5 31. Nxf5 gxf5 32. Qc6 Re2 33. Rf1 Qd4 34. d6
Rd2 35. c5 a5 36. Qc8+ Kf7 37. Qxf5 a4 38. Qxh7+ Ke8 39. Qe7# 1-0

[Event "Druzynowe Mistrzostwa Polski Juniorow 2018 - II Liga"]
[Site "Szczyrk"]
[Date "1899-12-30"]
[Round "1.55"]
[White "Kokoszczynski, Jan"]
[Black "Krzywnicka, Maria"]
[Result "1-0"]
[WhiteTitle "k"]
[BlackTitle "I++"]
[WhiteElo "2111"]
[BlackElo "1845"]

1. e4 c5 2. Nf3 d6 3. d4 cxd4 4. Nxd4 Nf6 5. Nc3 a6 6. f4 g6 7. Be2 Bg7 8. Be3
O-O 9. O-O Nbd7 10. Kh1 Qc7 11. a4 b6 12. Nd5 Nxd5 13. exd5 Bb7 14. Bf3 Rac8 15.
c3 Nf6 16. Ne2 Qc4 17. b3 Qc7 18. Qd3 Rfe8 19. Bd4 e5 20. dxe6 fxe6 21. Bxb7 Qxb7
22. c4 d5 23. cxd5 Nxd5 24. Bxg7 Qxg7 25. Qxa6 Rc2 26. Qd3 Qb2 27. Rfb1 Rxe2 28.
Rxb2 Rxb2 29. Rc1 Rf8 30. g3 Rf5 31. Rc2 Rb1+ 32. Kg2 Re1 33. Re2 Rc1 34. Rxe6
Rc3 35. Qd4 Rc2+ 36. Kf1 Rh5 37. h4 Rf5 38. Re8+ Kf7 39. Qh8 Ne3+ 40. Rxe3 1-0

[Event "Druzynowe Mistrzostwa Polski Juniorow 2018 - II Liga"]
[Site "Szczyrk"]
[Date "1899-12-30"]
[Round "1.56"]
[White "Gozdzicki, Maciej"]
[Black "Golecki, Jan"]
[Result "0-1"]
[WhiteTitle "II+"]
[BlackTitle "I++"]
[WhiteElo "1699"]
[BlackElo "2001"]

1. c4 e6 2. Nc3 Nf6 3. d4 b6 4. Nf3 Bb7 5. g3 Bb4 6. Bg2 Ne4 7. Qc2 Nxc3 8. bxc3
Be7 9. O-O f5 10. Ne5 Bxg2 11. Kxg2 O-O 12. e4 d6 13. Nf3 Qd7 14. exf5 Rxf5 15.
Qe4 d5 16. cxd5 exd5 17. Qd3 Nc6 18. Bf4 Raf8 19. Ne5 Nxe5 20. Bxe5 Rh5 21. Rh1
Qh3+ 22. Kg1 Rhf5 23. Rf1 Rf3 24. Qb5 Qe6 25. Bxc7 Bg5 26. h4 Be3 27. Rh2 Qf7
28. Bd6 Rxf2 29. Rhxf2 Bxf2+ 30. Kh2 Bxg3+ 31. Kxg3 Qxf1 32. Qxd5+ Qf7 33. Qxf7+
Rxf7 34. c4 Rf5 35. c5 bxc5 36. dxc5 Kf7 37. c6 Ke6 38. Kg4 h5+ 0-1

[Event "Druzynowe Mistrzostwa Polski Juniorow 2018 - II Liga"]
[Site "Szczyrk"]
[Date "1899-12-30"]
[Round "1.57"]
[White "Szemplinski, Jerzy"]
[Black "Majdanski, Maksymilian"]
[Result "0-1"]
[WhiteTitle "II"]
[BlackTitle "I"]
[WhiteElo "1411"]
[BlackElo "1751"]

1. e4 e5 2. Nf3 Nc6 3. Nc3 Nf6 4. Bb5 d6 5. d4 exd4 6. Qxd4 Bd7 7. Bxc6 Bxc6 8.
Bg5 Be7 9. O-O-O Nh5 10. Bxe7 Qxe7 11. Nd5 Bxd5 12. Qxd5 Nf6 13. Qxb7 O-O 14.
Rhe1 Rab8 15. Qc6 Rb6 16. Qa4 Ng4 17. h3 Ne5 18. Nxe5 Qxe5 19. Qd4 Qa5 20. Kb1
c5 21. Qd2 Qa4 22. Re3 c4 23. Qc3 Rfb8 24. b3 Rc6 25. Qb2 Qb4 26. c3 Qb5 27. Rd5
Rc5 28. Rxd6 cxb3 29. axb3 Qf1+ 30. Qc1 Qxf2 31. Qd1 h6 32. Rd8+ Rxd8 33. Qxd8+
Kh7 34. Qd4 Ra5 35. c4 Qf1+ 36. Kc2 Ra2+ 37. Kc3 a5 38. c5 Qc1+ 39. Kd3 Rd2# 0-1

[Event "Druzynowe Mistrzostwa Polski Juniorow 2018 - II Liga"]
[Site "Szczyrk"]
[Date "1899-12-30"]
[Round "1.58"]
[White "Kaminski, Jakub"]
[Black "Kazmierowski, Tymon"]
[Result "0-1"]
[WhiteTitle "II"]
[BlackTitle "II"]
[WhiteElo "1114"]
[BlackElo "1452"]

1. d4 d5 2. c4 Bf5 3. Nc3 e6 4. Nf3 c6 5. Bf4 Nd7 6. e3 Ngf6 7. c5 Be7 8. Bd3 Bxd3
9. Qxd3 b6 10. b4 a5 11. bxa5 bxc5 12. O-O c4 13. Qc2 Qxa5 14. Rab1 O-O 15. Rb7
Ra7 16. Rfb1 Qa6 17. Qb2 Ba3 18. Rxa7 Qxa7 19. Qb7 Qa5 20. Ne2 c5 21. Be5 Nxe5
22. Nxe5 cxd4 23. Nxd4 Qd2 24. Ndf3 Qc2 25. Ng5 Ne4 26. Nxe4 Qxe4 27. Nd7 Rd8
28. Qb8 Be7 29. Qb5 Rxd7 30. Qb2 h6 31. Qc1 0-1

[Event "Druzynowe Mistrzostwa Polski Juniorow 2018 - II Liga"]
[Site "Szczyrk"]
[Date "1899-12-30"]
[Round "1.59"]
[White "Krzysztynska, Anna"]
[Black "Partyka, Justyna"]
[Result "1-0"]
[WhiteTitle "I+"]
[BlackTitle "II"]
[WhiteElo "1758"]
[BlackElo "1141"]

1. e4 e6 2. d4 d5 3. e5 c5 4. c3 Nc6 5. Nf3 Nge7 6. a3 Nf5 7. Be3 Qb6 8. b4 cxd4
9. cxd4 Bd7 10. Bd3 Rc8 11. Nbd2 g6 12. O-O Bg7 13. Nb3 Nxe3 14. fxe3 Nxe5 15.
Nxe5 Bxe5 16. dxe5 Qxe3+ 17. Kh1 Rc3 18. Nc5 Ba4 19. Qxa4+ 1-0

[Event "Druzynowe Mistrzostwa Polski Juniorow 2018 - II Liga"]
[Site "Szczyrk"]
[Date "1899-12-30"]
[Round "1.60"]
[White "Gorska, Marcelina"]
[Black "Moscicka, Alicja"]
[Result "0-1"]
[WhiteTitle "IV"]
[BlackTitle "II"]
[WhiteElo "1000"]
[BlackElo "1000"]

1. e4 c5 2. Nf3 e6 3. d4 cxd4 4. Nxd4 Nf6 5. Nc3 Nc6 6. a3 a6 7. f3 d5 8. exd5
Nxd5 9. Nxd5 exd5 10. Be3 Qe7 11. Qd2 g6 12. O-O-O Bg7 13. Re1 O-O 14. g4 Bd7
15. h4 Rfe8 16. Bd3 Bxd4 17. Bxd4 Qd6 18. Rxe8+ Rxe8 19. Bc3 b5 20. h5 d4 21.
Bb4 Nxb4 22. axb4 Bc6 23. hxg6 fxg6 24. Qh6 Re7 25. f4 Bxh1 26. Qxh1 Qxf4+ 27.
Kb1 Qxg4 28. Qa8+ Kg7 29. Qxa6 Re1+ 30. Ka2 Qe6+ 31. Qxe6 Rxe6 32. Bxb5 Rb6 33.
Bd3 Rxb4 34. Ka3 Rb8 35. b4 h5 36. b5 h4 37. Bf1 h3 38. Bxh3 Rxb5 39. Bf1 Rc5
40. Kb3 g5 41. Be2 Kf6 42. Bg4 Ke5 43. Bh3 Kf4 44. Be6 g4 45. Bxg4 Kxg4 46. Kb2
Kf4 47. Kc1 Ke3 48. Kb2 Kd2 49. Kb3 Rxc2 50. Kb4 Rc8 51. Kb3 Kc1 52. Kb4 d3 0-1

[Event "Druzynowe Mistrzostwa Polski Juniorow 2018 - II Liga"]
[Site "Szczyrk"]
[Date "1899-12-30"]
[Round "1.61"]
[White "Marczak, Szymon"]
[Black "Kukula, Karol"]
[Result "1-0"]
[WhiteTitle "I+"]
[BlackTitle "I"]
[WhiteElo "1954"]
[BlackElo "1741"]

1. b3 c5 2. Bb2 Nc6 3. e3 e6 4. f4 d5 5. Nf3 Nf6 6. Bb5 Bd7 7. O-O Be7 8. d3 O-O
9. Nbd2 Qb6 10. c4 Rad8 11. Qe2 dxc4 12. dxc4 Nb4 13. a3 Bxb5 14. axb4 Bc6 15.
b5 Be4 16. Ne1 Rd7 17. Ra2 Bg6 18. e4 Rfd8 19. Bc3 Bh5 20. Nef3 Bxf3 21. Rxf3
Qc7 22. e5 Ne8 23. Rxa7 Rb8 24. Ba5 Qc8 25. Rd3 Bd8 26. Bc3 Bb6 27. Ra1 Qd8 28.
Rh3 Ra8 29. Rxa8 Qxa8 30. Rd3 Qd8 31. Rxd7 Qxd7 32. Ne4 Kf8 33. Qd2 Qc7 34. h3
g6 35. Kh2 Ba7 36. Nf6 h5 37. g4 hxg4 38. hxg4 Bb8 39. Nd7+ Ke7 40. Nxc5 1-0

[Event "Druzynowe Mistrzostwa Polski Juniorow 2018 - II Liga"]
[Site "Szczyrk"]
[Date "1899-12-30"]
[Round "1.62"]
[White "Tustanowski, Mateusz"]
[Black "Franek, Krzysztof"]
[Result "1-0"]
[WhiteTitle "I++"]
[BlackTitle "III"]
[WhiteElo "2078"]
[BlackElo "1156"]

1. e4 b6 2. d4 Bb7 3. Nc3 e6 4. Nf3 Bb4 5. Bd3 Nf6 6. Qe2 d5 7. e5 Ne4 8. Bd2 Bxc3
9. bxc3 Nxd2 10. Nxd2 Nd7 11. Qg4 g6 12. O-O Qe7 13. a4 a5 14. Qe2 Nb8 15. f4
Nc6 16. Rf3 Kd7 17. Nf1 h5 18. Ne3 Rh7 19. Bb5 Kc8 20. Qd3 Nb8 21. Qf1 c5 22.
f5 c4 23. fxe6 fxe6 24. Rf8+ Kc7 25. Re8 Qg5 26. Re1 Bc8 27. Nxc4 Nd7 28. Bxd7
Rxd7 29. Nxb6 Rb8 30. Nxd7 Kxd7 31. Qf7+ Kc6 32. Qf8 Kc7 33. Qd6+ 1-0

[Event "Druzynowe Mistrzostwa Polski Juniorow 2018 - II Liga"]
[Site "Szczyrk"]
[Date "1899-12-30"]
[Round "1.63"]
[White "Gabzdyl, Mateusz"]
[Black "Pisarek, Elzbieta"]
[Result "0-1"]
[WhiteTitle "III"]
[BlackTitle "I"]
[WhiteElo "1083"]
[BlackElo "1498"]

1. e4 c5 2. Nf3 d6 3. d4 cxd4 4. Nxd4 Nf6 5. Nc3 g6 6. Be3 Bg7 7. f3 Nc6 8. Nb3
O-O 9. Qd2 a6 10. O-O-O b5 11. h4 Ne5 12. Qf2 Bd7 13. g4 Nc4 14. Bxc4 bxc4 15.
Nd4 Qa5 16. Ne6 Rfb8 17. Nxg7 Kxg7 18. g5 Nh5 19. a3 Be6 20. f4 Rb7 21. Rd2 Rab8
22. Ba7 Ra8 23. Be3 Kg8 24. Nd5 Rab8 25. Ba7 Qxa3 26. Rdd1 Qxb2+ 27. Kd2 Ra8 28.
Bd4 Qb5 29. Nc3 Qc6 30. Rhg1 Rab8 31. f5 Bd7 32. Rgf1 Rf8 33. Nd5 Bxf5 34. Nxe7+
Rxe7 35. exf5 Qe8 36. Rde1 Rxe1 37. Rxe1 Qd7 38. Rf1 Qd8 39. Bb6 Qc8 40. Qd4 Ng3
41. Re1 Qxf5 42. Qe3 Qd5+ 43. Kc1 Nf5 44. Qa3 Qc6 45. Bf2 c3 46. Rd1 d5 47. Kb1
Rb8+ 48. Ka1 Rb2 49. Rb1 Rxb1+ 50. Kxb1 Qb5+ 51. Ka2 Nd6 52. Qxc3 Nc4 53. Bd4
Qa4+ 54. Kb1 Qa5 55. Qh3 Qb4+ 56. Ka1 0-1

[Event "Druzynowe Mistrzostwa Polski Juniorow 2018 - II Liga"]
[Site "Szczyrk"]
[Date "1899-12-30"]
[Round "1.64"]
[White "Pisarek, Jan"]
[Black "Grzybek, Mikolaj"]
[Result "1-0"]
[WhiteTitle "II"]
[BlackTitle "II"]
[WhiteElo "1339"]
[BlackElo "1375"]

1. e4 c5 2. Nf3 d6 3. d4 cxd4 4. Nxd4 Nf6 5. Nc3 g6 6. Be3 Bg7 7. f3 O-O 8. Qd2
Bd7 9. O-O-O Nc6 10. h4 h5 11. Kb1 a6 12. Be2 b5 13. Nd5 Nxd5 14. Nxc6 Bxc6 15.
exd5 Bd7 16. g4 hxg4 17. fxg4 Qc8 18. Rdg1 b4 19. h5 Bb5 20. hxg6 fxg6 21. Bxb5
axb5 22. Bh6 Qa6 23. a3 Bxb2 24. Qxb4 Bxa3 25. Qc3 Rf7 26. Be3 Rg7 27. Bd4 Bb4
28. Qxb4 Qa2+ 29. Kc1 Ra4 30. Qb2 Qxb2+ 31. Bxb2 Rh7 32. Rxh7 Kxh7 33. Rh1+ Kg8
34. Rh8+ Kf7 35. Rh7+ Ke8 36. Rh8+ Kf7 37. Rb8 Rxg4 38. Rxb5 Rg5 39. Bd4 Rf5 40.
Kd2 g5 41. Be3 Kg6 42. c4 Re5 43. Rb8 Kf5 44. Rf8+ Kg4 45. Rg8 Kh4 46. Kd3 Rf5
47. Ke4 Re5+ 48. Kf3 Rf5+ 49. Ke4 Re5+ 50. Kd3 Rf5 51. Rg7 Re5 52. Bxg5+ Rxg5
53. Rxe7 Rg3+ 54. Kd4 Rg6 55. Re6 Rg4+ 56. Kc3 Kg5 57. Rxd6 1-0

[Event "Druzynowe Mistrzostwa Polski Juniorow 2018 - II Liga"]
[Site "Szczyrk"]
[Date "1899-12-30"]
[Round "1.65"]
[White "Kindler, Karolina"]
[Black "Wojcik, Jagoda"]
[Result "0-1"]
[WhiteTitle "I++"]
[BlackTitle "I++"]
[WhiteElo "1784"]
[BlackElo "1599"]

1. Nf3 g6 2. d4 Bg7 3. e3 c5 4. b3 Nc6 5. Bb2 Nh6 6. c4 O-O 7. Be2 d5 8. Qd2 cxd4
9. exd4 Bg4 10. Ne5 Bxe2 11. Kxe2 Nf5 12. Nxc6 bxc6 13. c5 e5 14. dxe5 Qe7 15.
Re1 Rfe8 16. b4 Bxe5 17. Kf1 Qf6 18. Bxe5 Rxe5 19. Na3 Nh4 20. Qc3 Rxe1+ 21. Qxe1
Qb2 22. Qc1 Qxb4 23. f3 Re8 24. Rb1 Qd4 25. Rb3 Qe5 26. Kg1 Qe2 27. Rb2 Qd3 28.
Nc2 Re2 29. Ne1 Qd4+ 0-1

[Event "Druzynowe Mistrzostwa Polski Juniorow 2018 - II Liga"]
[Site "Szczyrk"]
[Date "1899-12-30"]
[Round "1.66"]
[White "Bialek, Alicja"]
[Black "Gren, Kinga"]
[Result "1-0"]
[WhiteTitle "I"]
[BlackTitle "II+"]
[WhiteElo "1308"]
[BlackElo "1118"]

1. f4 d5 2. g3 Nf6 3. Bg2 Nc6 4. d3 Bf5 5. Nc3 e6 6. Bd2 Bb4 7. a3 Bxc3 8. Bxc3
O-O 9. Nf3 h6 10. h3 d4 11. Bd2 Nd5 12. g4 Bh7 13. h4 f5 14. g5 h5 15. c3 dxc3
16. bxc3 b6 17. c4 Nde7 18. Bc3 Rc8 19. Qc2 Ng6 20. e3 Nce7 21. d4 c6 22. Rd1
Qc7 23. Qb2 Rf7 24. Ng1 Rd8 25. Bf3 Kf8 26. Bxh5 Ng8 27. Bxg6 Bxg6 28. h5 Bh7
29. g6 Bxg6 30. hxg6 Rfd7 31. Nf3 Re7 32. Ne5 Qb7 33. Rf1 Nh6 34. Rb1 Kg8 35.
c5 b5 36. a4 a6 37. axb5 axb5 38. Qh2 Rf8 39. Qh4 Rf6 40. Rh1 Qc8 41. Qg5 Qf8
42. Nxc6 Rb7 43. Ne5 b4 44. c6 Rc7 45. Bxb4 Qa8 46. Rxh6 Qa2 47. Rh8+ Kxh8 48.
Qh5+ 1-0

[Event "Druzynowe Mistrzostwa Polski Juniorow 2018 - II Liga"]
[Site "Szczyrk"]
[Date "1899-12-30"]
[Round "1.67"]
[White "Klepek, Witold"]
[Black "Kus, Aleksander"]
[Result "1-0"]
[WhiteTitle "k+"]
[BlackTitle "k"]
[WhiteElo "2076"]
[BlackElo "1934"]

1. e4 e6 2. d4 d5 3. Nd2 h6 4. c3 c5 5. exd5 exd5 6. Ngf3 Nc6 7. Bb5 a6 8. Bxc6+
bxc6 9. O-O Bd6 10. dxc5 Bxc5 11. Nb3 Bd6 12. Qd4 Nf6 13. Re1+ Be7 14. Ne5 Qc7
15. Bf4 O-O 16. Ng6 Bd6 17. Bxd6 Qxd6 18. Nxf8 Kxf8 19. Qc5 Ne4 20. Qxd6+ Nxd6
21. Re2 Ra7 22. Rd1 f6 23. f3 Kf7 24. Kf2 Nc4 25. Nc5 Bf5 26. g4 Bc8 27. h3 Rc7
28. Rd4 a5 29. b3 Nb6 30. f4 Bd7 31. Kf3 Bc8 32. Rd1 Bd7 33. Rde1 Nc8 34. Nxd7
Rxd7 35. Re8 Rc7 36. f5 Nd6 37. Ra8 Ne4 38. Re3 g6 39. fxg6+ Kxg6 40. Rxa5 Rf7
41. Ra6 Rc7 42. Kf4 Nc5 43. Ra5 Ne4 44. c4 Rd7 45. cxd5 cxd5 46. Rd3 1-0

[Event "Druzynowe Mistrzostwa Polski Juniorow 2018 - II Liga"]
[Site "Szczyrk"]
[Date "1899-12-30"]
[Round "1.68"]
[White "Nowak, Patrycja"]
[Black "Burzak, Wojciech"]
[Result "0-1"]
[WhiteTitle "II"]
[BlackTitle "I"]
[WhiteElo "1160"]
[BlackElo "1749"]

1. e4 c5 2. Nf3 e6 3. d4 cxd4 4. Nxd4 a6 5. c4 Nf6 6. Nc3 Bb4 7. e5 Qa5 8. exf6
Bxc3+ 9. bxc3 Qxc3+ 10. Bd2 Qxd4 11. fxg7 Qxg7 12. Qf3 Qxa1+ 0-1

[Event "Druzynowe Mistrzostwa Polski Juniorow 2018 - II Liga"]
[Site "Szczyrk"]
[Date "1899-12-30"]
[Round "1.69"]
[White "Gradalski, Olaf"]
[Black "Franc, Piotr"]
[Result "0-1"]
[WhiteTitle "II"]
[BlackTitle "II"]
[WhiteElo "1224"]
[BlackElo "1196"]

1. e4 e6 2. d4 d5 3. exd5 exd5 4. Bd3 Bd6 5. Nf3 Ne7 6. O-O O-O 7. h3 Bf5 8. Be3
c6 9. Nc3 Qc7 10. Ne2 Nd7 11. Qd2 Nf6 12. Bxf5 Nxf5 13. Bf4 Bxf4 14. Qxf4 Qxf4
15. Nxf4 Ne4 16. Rad1 Rfe8 17. Rfe1 h6 18. Re2 f6 19. Rde1 b6 20. c3 Nfd6 21.
Nh2 Kf7 22. f3 Ng3 23. Rxe8 Rxe8 24. Rxe8 Nxe8 25. Kf2 Nf5 26. Nf1 Ned6 27. Nd2
g5 28. Nd3 a5 29. g4 Ne7 30. Kg3 Nc4 31. Nxc4 dxc4 32. Nf2 Nd5 33. Ne4 Ke6 34.
b3 cxb3 35. axb3 b5 36. Nc5+ Ke7 37. c4 Nc3 38. Nd3 bxc4 39. bxc4 Ne2+ 40. Kf2
Nxd4 41. Nc5 Nc2 42. Na4 Kd6 43. Ke2 Na3 44. Kd3 Ke5 0-1

[Event "Druzynowe Mistrzostwa Polski Juniorow 2018 - II Liga"]
[Site "Szczyrk"]
[Date "1899-12-30"]
[Round "1.70"]
[White "Dopierala, Adam"]
[Black "Raba, Bartosz"]
[Result "0-1"]
[WhiteTitle "II"]
[BlackTitle "II"]
[WhiteElo "1164"]
[BlackElo "1272"]

1. e4 e5 2. Nf3 Nc6 3. Bc4 Nf6 4. Ng5 d5 5. exd5 b5 6. Bb3 Nd4 7. c3 Nxb3 8. Qxb3
Qxd5 9. Qxd5 Nxd5 10. O-O Bc5 11. Na3 f6 12. Ne4 Bxa3 13. bxa3 Bf5 14. Ng3 Bd3
15. Re1 O-O-O 16. Ne4 Nf4 17. Nc5 Rd5 18. Nxd3 Nxd3 19. Re2 Rhd8 20. Kf1 Nxc1
21. Rxc1 Rxd2 22. Ke1 Rxe2+ 23. Kxe2 Rd6 24. c4 Ra6 25. cxb5 Rxa3 26. Rc2 Kb7
27. h4 Kb6 28. Rc6+ Kb7 29. Rc2 Ra5 30. Kd3 Rxb5 31. Kc4 Rb6 32. Rd2 Rc6+ 33.
Kb4 Rd6 34. Rb2 Rb6+ 35. Kc3 Rxb2 36. Kxb2 Kb6 37. Kb3 Kc5 38. Kc3 f5 39. f3 Kd5
40. Kd3 c5 41. a3 c4+ 42. Kc3 e4 43. fxe4+ fxe4 44. Kd2 Kd4 45. g4 c3+ 46. Ke2
e3 47. Kd1 Kd3 48. h5 c2+ 49. Kc1 Kc3 50. h6 e2 51. hxg7 Qe1# 0-1

[Event "Druzynowe Mistrzostwa Polski Juniorow 2018 - II Liga"]
[Site "Szczyrk"]
[Date "1899-12-30"]
[Round "1.71"]
[White "Gredka, Dominika"]
[Black "Roszkiewicz, Anna"]
[Result "0-1"]
[WhiteTitle "I++"]
[BlackTitle "I++"]
[WhiteElo "1794"]
[BlackElo "1666"]

1. e4 c5 2. c3 d5 3. exd5 Qxd5 4. d4 Nf6 5. Nf3 e6 6. Be2 Nc6 7. O-O cxd4 8. cxd4
Be7 9. Nc3 Qd6 10. Nb5 Qd8 11. Bf4 Nd5 12. Bg3 a6 13. Nc3 O-O 14. a3 b5 15. Re1
Nf6 16. Rc1 Bb7 17. b4 Qb6 18. Bf1 Rfd8 19. Ne2 Nh5 20. Qb3 Nxg3 21. hxg3 Bf6
22. Red1 Nxd4 23. Nexd4 Bxd4 24. Nxd4 Rxd4 25. Rxd4 Qxd4 26. Rd1 Qb6 27. Qd3 Bd5
28. Rc1 Rd8 29. Qc3 Kf8 30. Qe5 Qd6 31. Qh5 Be4 32. Qg5 f6 33. Qe3 Qd4 34. Qb3
Bd5 35. Qc2 Be4 36. Qb3 Qd5 37. Qc3 Qd2 38. Qc5+ Kf7 39. Qh5+ Bg6 40. Qc5 Rd7
41. Qc8 Be4 42. Rc7 Rxc7 43. Qxc7+ Kg6 44. Qc8 Qd1 45. Qe8+ Kf5 46. Qb8 e5 47.
Qc8+ Kg5 48. Qc5 Qd4 49. Qc1+ Kg6 50. Qe1 Bd3 51. Bxd3+ Qxd3 52. Qc1 e4 53. Qf4
Qd1+ 54. Kh2 Qh5+ 55. Kg1 Qf5 56. Qd6 Qc8 57. Qd5 Qc1+ 58. Kh2 Qc2 59. g4 Qc7+
60. g3 Qe5 61. Qd2 Qg5 62. Qe2 f5 63. gxf5+ Qxf5 64. Qe3 Qf3 65. Qb6+ Kh5 66.
Qc5+ g5 67. Qa7 h6 68. Kg1 Qd1+ 69. Kg2 Qd5 70. Qe3 Qd3 71. Qa7 Qf3+ 72. Kg1 e3
73. fxe3 Qxg3+ 74. Kf1 Qf3+ 75. Ke1 Kg4 76. Qd7+ Qf5 77. Qd4+ Kf3 78. Kd2 g4 0-1